[Event "Lac Beauport op U2000"]
[Site "Lac Beauport CAN"]
[Date "1999.11.14"]
[Round "5"]
[White "Lacroix, Serge"]
[Black "Sauve, Richard"]
[Result "1-0"]
[WhiteElo "1967"]
[BlackElo "1887"]
[PlyCount "89"]
[GameId "2160767911741861"]
[EventDate "1999.11.12"]
[EventType "swiss"]
[EventRounds "5"]
[EventCountry "CAN"]
[SourceTitle "Lacroix"]

1. e4 e6 2. d4 d5 3. Nc3 Nf6 4. Bg5 Bb4 5. e5 h6 6. Bd2 Bxc3 7. bxc3 Ne4 8. Qg4 g6 9. Bd3 Nxd2 10. Kxd2 b6 11. Nf3 Qe7 12. a4 Ba6 13. a5 Bxd3 14. axb6 Ba6 15. Rxa6 Nxa6 16. b7 Rb8 17. Ra1 Nb4 18. cxb4 Qxb4+ 19. Kd1 Rxb7 20. Qf4 Qe7 21. h4 h5 22. Ne1 c5 23. c3 c4 24. Nc2 O-O 25. Nb4 f6 26. Ra6 Rb6 27. Nc6 Rb1+ 28. Ke2 Qb7 29. Rxa7 Qb2+ 30. Qd2 Qb6 31. Ne7+ Kf7 32. Nc8+ Qxa7 33. Nxa7 Rb7 34. Qf4 f5 35. Qg5 Rb2+ 36. Kf3 Rfb8 37. Qf6+ Kg8 38. Qxg6+ Kh8 39. Qh6+ Kg8 40. Qxe6+ Kg7 41. Qf6+ Kg8 42. Qg6+ Kf8 43. Qxf5+ Ke8 44. Qxh5+ Kd7 45. Qf7+ 1-0

[Event "Lac Beauport op U2000"]
[Site "Lac Beauport CAN"]
[Date "1999.11.14"]
[Round "5"]
[White "Morin, Louis"]
[Black "Richard, Christian"]
[Result "1-0"]
[WhiteElo "1859"]
[BlackElo "1647"]
[PlyCount "105"]
[GameId "2160767911741862"]
[EventDate "1999.11.12"]
[EventType "swiss"]
[EventRounds "5"]
[EventCountry "CAN"]
[SourceTitle "hb 2013"]

1. e4 c6 2. d4 d5 3. Nd2 dxe4 4. Nxe4 Bf5 5. Ng3 Bg6 6. Nf3 Nd7 7. Bd3 Bxd3 8. Qxd3 Ngf6 9. O-O e6 10. Re1 Be7 11. c4 O-O 12. Bf4 Re8 13. Rad1 Qa5 14. a3 Nf8 15. b4 Qd8 16. Qb3 Ng6 17. Be5 Bd6 18. Bxd6 Qxd6 19. Ng5 Rad8 20. N5e4 Qf4 21. c5 Rd5 22. Nd6 Rb8 23. Qe3 Qxe3 24. fxe3 Ne7 25. h4 Nh5 26. e4 Nxg3 27. exd5 Nxd5 28. Rd3 Nh5 29. Rf3 Nhf6 30. g4 Rf8 31. Ref1 b5 32. g5 Nh5 33. Rxf7 Nhf4 34. Rxf8+ Kxf8 35. Kh2 Ke7 36. Rf2 g6 37. Kg3 Nh5+ 38. Kf3 a6 39. Ke4 Ng3+ 40. Ke5 Nf5 41. h5 Nde3 42. hxg6 hxg6 43. Nxf5+ exf5 44. Rf3 Nc4+ 45. Kf4 Ke6 46. Rh3 Kf7 47. Rh7+ Kg8 48. Rc7 Nxa3 49. Rxc6 Nc2 50. Rxg6+ Kf7 51. Rf6+ Ke7 52. Ke5 Na3 53. Rxa6 1-0

[Event "Lanaudiere ch"]
[Site "Repentigny CAN"]
[Date "1999.10.16"]
[Round "1"]
[White "Cardin, Guillaume"]
[Black "Mikanovic, Goran"]
[Result "0-1"]
[WhiteElo "1676"]
[BlackElo "2399"]
[PlyCount "56"]
[GameId "2160767911741993"]
[EventDate "1999.10.15"]
[EventType "swiss"]
[EventRounds "5"]
[EventCountry "CAN"]
[SourceTitle "FQE 08"]

1. d4 Nf6 2. Bg5 e6 3. e4 h6 4. Bxf6 Qxf6 5. Nc3 b6 6. Qd2 Bb7 7. Bd3 Qxd4 8. Nge2 Qf6 9. O-O-O Nc6 10. Ba6 O-O-O 11. Bxb7+ Kxb7 12. f4 Bb4 13. e5 Qf5 14. a3 Bxc3 15. Nxc3 f6 16. g4 Qxg4 17. Rhg1 Qf5 18. Rxg7 fxe5 19. Rxd7 Rxd7 20. Qxd7 Rd8 21. Qg7 Rxd1+ 22. Kxd1 exf4 23. Qxh6 Nd4 24. Qg7 Qxc2+ 25. Ke1 Nf3+ 26. Kf1 Nxh2+ 27. Kg1 Nf3+ 28. Kf1 Qxb2 0-1

[Event "Lanaudiere ch"]
[Site "Repentigny CAN"]
[Date "1999.10.16"]
[Round "2"]
[White "Lacroix, Serge"]
[Black "Chirito, Edward"]
[Result "1-0"]
[Annotator "Incomplete"]
[WhiteElo "1882"]
[BlackElo "1413"]
[PlyCount "61"]
[GameId "2160767739706532"]
[EventDate "1999.10.15"]
[EventType "swiss"]
[EventRounds "5"]
[EventCountry "CAN"]
[SourceTitle "Lacroix"]

1. e4 c6 2. d4 d5 3. Nc3 dxe4 4. Nxe4 Nd7 5. Nf3 Ngf6 6. Nxf6+ Nxf6 7. Bd3 Bg4 8. c3 e6 9. h3 Bh5 10. g4 Bg6 11. Ne5 Qd5 12. Rg1 Bd6 13. f4 Bxd3 14. Qxd3 Qe4+ 15. Qxe4 Nxe4 16. Ke2 Nf6 17. Kf3 Nd7 18. Nc4 Bc7 19. b3 O-O-O 20. Ba3 Nb6 21. Nxb6+ Bxb6 22. Rge1 Rhe8 23. Re2 g6 24. Rae1 Rd7 25. h4 Bc7 26. g5 Bd6 27. Bb2 Kc7 28. c4 Rde7 29. h5 Kc8 30. a3 Rd7 31. d5 {etc.} 1-0

[Event "Lanaudiere ch"]
[Site "Repentigny CAN"]
[Date "1999.10.16"]
[Round "2"]
[White "Mikanovic, Goran"]
[Black "Trottier, Julie"]
[Result "1-0"]
[WhiteElo "2399"]
[BlackElo "1620"]
[PlyCount "27"]
[GameId "2160767911741994"]
[EventDate "1999.10.15"]
[EventType "swiss"]
[EventRounds "5"]
[EventCountry "CAN"]
[SourceTitle "FQE 08"]

1. d4 d5 2. c4 c6 3. Nc3 Nf6 4. e3 dxc4 5. Bxc4 b5 6. Bd3 e6 7. Nf3 Bd6 8. e4 Bb4 9. O-O Nbd7 10. e5 Nd5 11. Nxd5 exd5 12. Ng5 h6 13. Qh5 Qe7 14. Nxf7 1-0

[Event "Lanaudiere ch"]
[Site "Repentigny CAN"]
[Date "1999.10.16"]
[Round "2"]
[White "Rodriguez, Herver"]
[Black "Schleifer, Michael"]
[Result "0-1"]
[WhiteElo "1818"]
[BlackElo "2422"]
[PlyCount "118"]
[GameId "2160767911741995"]
[EventDate "1999.10.15"]
[EventType "swiss"]
[EventRounds "5"]
[EventCountry "CAN"]
[SourceTitle "FQE 08"]

1. e4 c5 2. Nf3 d6 3. d4 Nf6 4. Nc3 cxd4 5. Nxd4 g6 6. g3 Bg7 7. Bg2 O-O 8. O-O Nc6 9. Be3 Ng4 10. Nxc6 bxc6 11. Bd2 Rb8 12. Rb1 h5 13. h3 Ne5 14. b3 c5 15. Ne2 c4 16. Bc3 cxb3 17. axb3 Ba6 18. Re1 h4 19. Bd4 hxg3 20. fxg3 Bxe2 21. Rxe2 a5 22. Ra1 Nc6 23. Bxg7 Kxg7 24. Qd5 Qb6+ 25. Kh2 Rfc8 26. Rf1 Ne5 27. Ref2 Rf8 28. Rd2 Rbc8 29. Kh1 Rc3 30. g4 Nxg4 31. Qd4+ Qxd4 32. Rxd4 Ne5 33. Rf2 Rfc8 34. Rdd2 g5 35. Kg1 a4 36. bxa4 Ra3 37. Rd4 Ra8 38. Rfd2 R8xa4 39. Rxa4 Rxa4 40. Kf2 Ra3 41. Bf1 Kf6 42. Bd3 Ra8 43. Rd1 Rh8 44. Kg3 Ng6 45. Rf1+ Nf4 46. Rh1 Ke5 47. Kg4 f6 48. Kg3 Rh4 49. Rh2 Kd4 50. Ba6 Kxe4 51. Bc8 e6 52. Rh1 d5 53. Bb7 Ke3 54. Bc8 Kd2 55. Rh2+ Kc3 56. Bd7 d4 57. Bc6 Nh5+ 58. Kf2 Kxc2 59. Ke1+ Kc3 0-1

[Event "Lanaudiere ch"]
[Site "Repentigny CAN"]
[Date "1999.10.16"]
[Round "3"]
[White "Miron, Francois"]
[Black "Mikanovic, Goran"]
[Result "0-1"]
[WhiteElo "1897"]
[BlackElo "2399"]
[PlyCount "46"]
[GameId "2160767911741996"]
[EventDate "1999.10.15"]
[EventType "swiss"]
[EventRounds "5"]
[EventCountry "CAN"]
[SourceTitle "FQE 08"]

1. e4 c5 2. Nc3 Nc6 3. f4 g6 4. Nf3 Bg7 5. Bb5 Nd4 6. Bc4 e6 7. O-O Ne7 8. Ne2 Nxf3+ 9. Rxf3 O-O 10. c3 d5 11. exd5 exd5 12. Bb3 Nf5 13. d4 cxd4 14. Rd3 dxc3 15. bxc3 Be6 16. Bxd5 Qb6+ 17. Kh1 Bxd5 18. Rxd5 Rfd8 19. Rxd8+ Rxd8 20. Qg1 Qa6 21. Qf2 Rd1+ 22. Ng1 Bxc3 23. Qc2 Qf1 0-1

[Event "Lanaudiere ch"]
[Site "Repentigny CAN"]
[Date "1999.10.16"]
[Round "3"]
[White "Schleifer, Michael"]
[Black "Lacroix, Serge"]
[Result "1/2-1/2"]
[WhiteElo "2355"]
[BlackElo "1882"]
[PlyCount "48"]
[GameId "2160767911741997"]
[EventDate "1999.10.15"]
[EventType "swiss"]
[EventRounds "5"]
[EventCountry "CAN"]
[SourceTitle "FQE 08"]

1. c4 Nf6 2. Nc3 e6 3. e4 d5 4. e5 d4 5. exf6 dxc3 6. bxc3 Qxf6 7. Nf3 c5 8. d4 h6 9. Bd3 cxd4 10. cxd4 Bb4+ 11. Bd2 Bxd2+ 12. Qxd2 Nc6 13. Be4 O-O 14. Bxc6 bxc6 15. O-O c5 16. dxc5 Bb7 17. Qe3 Bxf3 18. gxf3 Qg5+ 19. Qxg5 hxg5 20. Rab1 Rfc8 21. Rb5 a6 22. Ra5 Rc6 23. Rb1 Rac8 24. Rb6 Rxc5 1/2-1/2

[Event "Lanaudiere ch"]
[Site "Repentigny CAN"]
[Date "1999.10.17"]
[Round "4"]
[White "Lacroix, Serge"]
[Black "Tessier, Olivier"]
[Result "1-0"]
[WhiteElo "1882"]
[BlackElo "1605"]
[PlyCount "69"]
[GameId "2160767911741998"]
[EventDate "1999.10.15"]
[EventType "swiss"]
[EventRounds "5"]
[EventCountry "CAN"]
[SourceTitle "Lacroix"]

1. e4 Nf6 2. e5 Nd5 3. d4 d6 4. Nf3 dxe5 5. Nxe5 Nd7 6. Nxd7 Bxd7 7. c4 Nf6 8. Nc3 g6 9. Be2 Bg7 10. Bf3 c6 11. O-O O-O 12. Re1 Bf5 13. Bg5 Qc7 14. Qd2 Rfe8 15. Bf4 Qd7 16. Rad1 Rad8 17. Bh6 Bh8 18. h3 e5 19. dxe5 Qxd2 20. Rxd2 Rxd2 21. Bxd2 Nd7 22. g4 Be6 23. b3 Nxe5 24. Bg2 Rd8 25. Bg5 Rd3 26. Ne4 Nd7 27. Be3 Nb6 28. Nc5 Rc3 29. Nxb7 Rc2 30. a4 Rb2 31. Nc5 Nd7 32. Nxd7 Bxd7 33. Rd1 Be6 34. Rd8+ Kg7 35. Bd4+ 1-0

[Event "Lanaudiere ch"]
[Site "Repentigny CAN"]
[Date "1999.10.17"]
[Round "4"]
[White "Mikanovic, Goran"]
[Black "Schleifer, Michael"]
[Result "1/2-1/2"]
[WhiteElo "2399"]
[BlackElo "2355"]
[PlyCount "48"]
[GameId "2160767911741999"]
[EventDate "1999.10.15"]
[EventType "swiss"]
[EventRounds "5"]
[EventCountry "CAN"]
[SourceTitle "FQE 08"]

1. d4 Nf6 2. c4 e6 3. Nc3 Bb4 4. Qc2 c5 5. dxc5 Na6 6. a3 Bxc3+ 7. Qxc3 Nxc5 8. b4 Na6 9. Bb2 O-O 10. g3 d6 11. Bg2 e5 12. Nf3 Rb8 13. Rd1 Qe7 14. O-O b6 15. Nh4 Ne8 16. Qd3 Nac7 17. Nf5 Bxf5 18. Qxf5 Ne6 19. Qf3 Rc8 20. Rc1 Nf6 21. Rfd1 Rfd8 22. e3 Nf8 23. Bh3 Ra8 24. Rd2 h6 1/2-1/2

[Event "Lanaudiere ch"]
[Site "Repentigny CAN"]
[Date "1999.10.17"]
[Round "4"]
[White "Tessier, Olivier"]
[Black "Lacroix, Serge"]
[Result "0-1"]
[WhiteElo "1605"]
[BlackElo "1882"]
[PlyCount "106"]
[GameId "2160767911742000"]
[EventDate "1999.10.15"]
[EventType "swiss"]
[EventRounds "5"]
[EventCountry "CAN"]
[SourceTitle "Lacroix"]

1. e4 e5 2. Nf3 Nc6 3. d4 exd4 4. Bc4 Nf6 5. O-O Nxe4 6. Re1 d5 7. Bxd5 Qxd5 8. Nc3 Qa5 9. Nxe4 Be6 10. Neg5 O-O-O 11. Nxe6 fxe6 12. Rxe6 Bd6 13. Bg5 Rde8 14. Qe2 Kd7 15. Rxe8 Rxe8 16. Qd3 h6 17. Bh4 g5 18. Bg3 g4 19. Nd2 Nb4 20. Qxd4 Nxc2 21. Qxg4+ Re6 22. Nb3 Qg5 23. Qxg5 hxg5 24. Rd1 Re1+ 25. Rxe1 Nxe1 26. Bxd6 Kxd6 27. Nd2 Kd5 28. Kf1 Nd3 29. b3 b5 30. a3 Kd4 31. g3 Kc3 32. Ke2 Nc1+ 33. Ke3 Nxb3 34. Nxb3 Kxb3 35. f4 gxf4+ 36. gxf4 c5 37. f5 c4 38. f6 c3 39. f7 c2 40. Kf2 Kb2 41. f8=Q c1=Q 42. Ke2 Qc4+ 43. Kd2 Qc3+ 44. Ke2 Qxa3 45. Qxa3+ Kxa3 46. h4 b4 47. h5 b3 48. h6 b2 49. h7 b1=Q 50. h8=Q Qb2+ 51. Qxb2+ Kxb2 52. Kd3 a5 53. Ke4 a4 0-1

[Event "Lanaudiere ch"]
[Site "Repentigny CAN"]
[Date "1999.10.17"]
[Round "5"]
[White "Lacroix, Serge"]
[Black "Mikanovic, Goran"]
[Result "0-1"]
[WhiteElo "1882"]
[BlackElo "2399"]
[PlyCount "50"]
[GameId "2160767911742001"]
[EventDate "1999.10.15"]
[EventType "swiss"]
[EventRounds "5"]
[EventCountry "CAN"]
[SourceTitle "FQE 08"]

1. e4 c5 2. Nf3 e6 3. d4 cxd4 4. Nxd4 Nc6 5. c4 Nf6 6. Nc3 Bb4 7. Nxc6 bxc6 8. Bd3 e5 9. Bd2 a5 10. O-O d6 11. Na4 Bxd2 12. Qxd2 O-O 13. Rad1 Bg4 14. f3 Be6 15. Be2 d5 16. cxd5 cxd5 17. exd5 Nxd5 18. Kh1 Nf4 19. b3 Qe7 20. Rfe1 h5 21. Bf1 Rfd8 22. Qe3 f6 23. Nb6 Rab8 24. Bc4 Bxc4 25. Nxc4 Qb4 0-1

[Event "Lanaudiere ch"]
[Site "Repentigny CAN"]
[Date "1999.10.17"]
[Round "5"]
[White "Schleifer, Michael"]
[Black "Lezaic, Jovan"]
[Result "1-0"]
[WhiteElo "2355"]
[BlackElo "1841"]
[PlyCount "71"]
[GameId "2160767911742002"]
[EventDate "1999.10.15"]
[EventType "swiss"]
[EventRounds "5"]
[EventCountry "CAN"]
[SourceTitle "FQE 08"]

1. d4 Nf6 2. c4 e6 3. Nf3 c5 4. g3 cxd4 5. Nxd4 Bb4+ 6. Bd2 Be7 7. Bg2 Nc6 8. Bc3 d5 9. cxd5 exd5 10. O-O O-O 11. Nd2 Qb6 12. e3 Bg4 13. Bf3 Bxf3 14. Qxf3 Bb4 15. Nxc6 bxc6 16. Bxf6 Bxd2 17. Qg4 g6 18. Qg5 c5 19. Rad1 h6 20. Qf4 Ba5 21. Rxd5 Kh7 22. Be7 Qe6 23. Rxc5 Qxe7 24. Rxa5 Qb7 25. b4 Rac8 26. a3 Rc7 27. h4 Rd8 28. h5 Rd2 29. hxg6+ fxg6 30. e4 Rd3 31. Rc1 Rxc1+ 32. Qxc1 Qd7 33. Kg2 h5 34. Qc5 Qg4 35. Rxa7+ Kh6 36. Qf8+ 1-0

[Event "Lanaudiere op"]
[Site "Repentigny CAN"]
[Date "1999.08.20"]
[Round "1"]
[White "Rodriguez, Herver"]
[Black "Bolduc, Steve"]
[Result "0-1"]
[WhiteElo "1833"]
[BlackElo "2244"]
[PlyCount "56"]
[GameId "2160767911742425"]
[EventDate "1999.08.20"]
[EventType "swiss"]
[EventRounds "5"]
[EventCountry "CAN"]
[SourceTitle "hb 2011"]

1. e4 d5 2. exd5 Qxd5 3. Nc3 Qa5 4. Bc4 Nf6 5. d3 Bg4 6. Nf3 e6 7. Bd2 c6 8. h3 Qh5 9. Qe2 Nbd7 10. O-O-O Bxf3 11. gxf3 O-O-O 12. d4 Nb6 13. Bf4 Nxc4 14. Qxc4 Nd5 15. Nxd5 exd5 16. Qa4 a6 17. Rd3 Bd6 18. Bg3 Rhe8 19. Rc3 Qg5+ 20. Kd1 Bxg3 21. Rg1 Re6 22. fxg3 Rde8 23. f4 Qe7 24. Rg2 Re1+ 25. Kd2 Re2+ 26. Kd1 Rxg2 27. Rxc6+ Kb8 28. Rxa6 Qe1# 0-1

[Event "Lanaudiere op"]
[Site "Repentigny CAN"]
[Date "1999.08.21"]
[Round "2"]
[White "Bolduc, Steve"]
[Black "Cloutier, Mario"]
[Result "1-0"]
[WhiteElo "2244"]
[BlackElo "1716"]
[PlyCount "49"]
[GameId "2160767911742426"]
[EventDate "1999.08.20"]
[EventType "swiss"]
[EventRounds "5"]
[EventCountry "CAN"]
[SourceTitle "hb 2011"]

1. d4 Nf6 2. c4 e6 3. Nf3 b6 4. a3 Bb7 5. Nc3 Be7 6. d5 exd5 7. cxd5 O-O 8. e4 Re8 9. Bd3 c6 10. O-O cxd5 11. exd5 d6 12. Bc2 Nbd7 13. Re1 a6 14. h3 b5 15. Bg5 Nb6 16. Qd3 Nbd7 17. Re2 Nc5 18. Qd4 h6 19. Bh4 g5 20. Nxg5 hxg5 21. Bxg5 Nh7 22. Bxh7+ Kxh7 23. Qh4+ Kg8 24. Rxe7 Rxe7 25. Bxe7 1-0

[Event "Lanaudiere op"]
[Site "Repentigny CAN"]
[Date "1999.08.21"]
[Round "3"]
[White "Leger, Manon"]
[Black "Bolduc, Steve"]
[Result "0-1"]
[WhiteElo "1875"]
[BlackElo "2244"]
[PlyCount "92"]
[GameId "2160767911742427"]
[EventDate "1999.08.20"]
[EventType "swiss"]
[EventRounds "5"]
[EventCountry "CAN"]
[SourceTitle "hb 2011"]

1. e4 Nf6 2. e5 Nd5 3. d4 d6 4. Nf3 Bg4 5. Be2 e6 6. O-O Be7 7. exd6 cxd6 8. c4 Nb6 9. Nc3 Nc6 10. b3 d5 11. Be3 O-O 12. c5 Nc8 13. h3 Bf5 14. Bd3 Bg6 15. Bxg6 hxg6 16. Rc1 Bf6 17. Qd2 N8e7 18. Ne2 Nf5 19. Bf4 Ncxd4 20. Nexd4 Nxd4 21. Nxd4 e5 22. Bxe5 Bxe5 23. Nf3 Bf6 24. Rfd1 d4 25. Nxd4 Bg5 26. f4 Bh6 27. Qf2 Qf6 28. g3 g5 29. fxg5 Qxg5 30. Ne2 Rae8 31. Nf4 Re4 32. Rc3 Qe5 33. Rf3 Bxf4 34. gxf4 Qf5 35. Rd2 Rfe8 36. a3 a5 37. Rb2 Re1+ 38. Kh2 Rc1 39. b4 Ree1 40. Qg2 Qe4 41. Rbf2 Qb1 42. Qg5 Rh1+ 43. Kg3 Rcg1+ 44. Kh4 Rxg5 45. fxg5 Rg1 46. Rf1 Qh7# 0-1

[Event "Lanaudiere op"]
[Site "Repentigny CAN"]
[Date "1999.08.21"]
[Round "3"]
[White "Schleifer, Michael"]
[Black "Lacroix, Serge"]
[Result "1-0"]
[Annotator "Incomplete"]
[WhiteElo "2415"]
[BlackElo "1966"]
[PlyCount "52"]
[GameId "2160767739706533"]
[EventDate "1999.08.20"]
[EventType "swiss"]
[EventRounds "5"]
[EventCountry "CAN"]
[SourceTitle "Lacroix"]

1. d4 Nf6 2. c4 e6 3. a3 b6 4. Nc3 Bb7 5. d5 e5 6. Nf3 d6 7. g3 Nbd7 8. Bg2 Be7 9. O-O O-O 10. b4 a5 11. Bb2 axb4 12. axb4 Rxa1 13. Qxa1 Qa8 14. Nd2 g6 15. Qxa8 Rxa8 16. Ra1 Kg7 17. e4 Ng4 18. h3 Nh6 19. Kf1 f5 20. Ke2 f4 21. g4 Nf7 22. Kd3 h6 23. Kc2 h5 24. gxh5 gxh5 25. Nb5 Bd8 26. Rg1 Nf6 {etc.} 1-0

[Event "Lanaudiere op"]
[Site "Repentigny CAN"]
[Date "1999.08.22"]
[Round "4"]
[White "Bolduc, Steve"]
[Black "Schleifer, Michael"]
[Result "0-1"]
[WhiteElo "2244"]
[BlackElo "2415"]
[PlyCount "56"]
[GameId "2160767911742428"]
[EventDate "1999.08.20"]
[EventType "swiss"]
[EventRounds "5"]
[EventCountry "CAN"]
[SourceTitle "hb 2011"]

1. d4 g6 2. e4 Bg7 3. Nc3 d6 4. h3 Nf6 5. Nf3 O-O 6. Be2 Nc6 7. Be3 e5 8. d5 Ne7 9. g4 c6 10. Qd2 cxd5 11. exd5 a6 12. Bh6 b5 13. Bxg7 Kxg7 14. g5 Nh5 15. Nxe5 dxe5 16. Bxh5 gxh5 17. O-O-O Bf5 18. Qe2 Ng6 19. d6 Qxg5+ 20. Kb1 Rac8 21. Rhg1 Qf6 22. Rd2 Kh8 23. Nd5 Qxd6 24. Ne3 Qf6 25. Qxh5 Be6 26. Qh6 Rfd8 27. Rxd8+ Rxd8 28. h4 Qxf2 0-1

[Event "Lanaudiere op"]
[Site "Repentigny CAN"]
[Date "1999.08.22"]
[Round "5"]
[White "Roussel-Roozmon, Thomas"]
[Black "Bolduc, Steve"]
[Result "1/2-1/2"]
[WhiteElo "1862"]
[BlackElo "2244"]
[PlyCount "46"]
[GameId "2160767911742429"]
[EventDate "1999.08.20"]
[EventType "swiss"]
[EventRounds "5"]
[EventCountry "CAN"]
[SourceTitle "hb 2011"]

1. d4 Nf6 2. c4 e5 3. dxe5 Ne4 4. Nf3 Bb4+ 5. Nbd2 Nc6 6. a3 Bxd2+ 7. Bxd2 Nxd2 8. Qxd2 Qe7 9. Qc3 O-O 10. e3 Re8 11. Be2 b6 12. O-O Bb7 13. Rfd1 Rad8 14. Rd2 Nxe5 15. Nxe5 Qxe5 16. Qxe5 Rxe5 17. Rad1 d6 18. Bf1 a5 19. g3 Bf3 20. Rc1 a4 21. Bg2 Bxg2 22. Kxg2 Rc5 23. Rd5 c6 1/2-1/2

[Event "Laval XVI"]
[Site "Laval CAN"]
[Date "1999.04.16"]
[Round "1"]
[White "Prahov, Valentin"]
[Black "Dutton, Warren"]
[Result "1/2-1/2"]
[WhiteElo "2235"]
[BlackElo "2025"]
[PlyCount "166"]
[GameId "2160767911805190"]
[EventDate "1999.04.16"]
[EventType "swiss"]
[EventRounds "5"]
[EventCountry "CAN"]
[SourceTitle "EXT 2002"]
[Source "ChessBase"]
[SourceDate "2001.11.25"]
[SourceVersion "1"]
[SourceVersionDate "2001.11.25"]
[SourceQuality "1"]

1. e4 c5 2. Nf3 Nc6 3. d4 cxd4 4. Nxd4 Nf6 5. Nc3 e6 6. Ndb5 d6 7. Bf4 e5 8. Bg5 a6 9. Na3 b5 10. Bxf6 gxf6 11. Nd5 Be6 12. Bd3 f5 13. Qh5 Rc8 14. c3 Rg8 15. g3 h6 16. Nc2 Rg5 17. Qf3 Bxd5 18. exd5 e4 19. Qe2 Ne5 20. Bxb5+ axb5 21. Qxb5+ Ke7 22. Nb4 Rc5 23. Qa6 Kf6 24. O-O-O Kg7 25. Kb1 Qc7 26. Qe2 Kh7 27. Na6 Qb6 28. Nxc5 Qxc5 29. Rd4 Bg7 30. Rhd1 Nd3 31. R4xd3 exd3 32. Rxd3 Rg4 33. Qe3 Qb5 34. f4 Bf6 35. b3 Rg8 36. c4 Qa5 37. Qd2 Qc7 38. Re3 Rb8 39. Qc2 Qc5 40. Qxf5+ Kg7 41. Qd3 Qa3 42. Qd2 Rb4 43. g4 Qa5 44. Qd3 Qa3 45. Re2 Qa7 46. Qe3 Qd7 47. Qe4 Qa7 48. Rg2 Kf8 49. g5 hxg5 50. fxg5 Be5 51. h4 Qd7 52. Qg4 Qa7 53. Qe4 Qd7 54. g6 f5 55. Qd3 Kg7 56. h5 Rb7 57. Rg5 f4 58. Qf5 Qxf5+ 59. Rxf5 Kh6 60. Kc2 f3 61. a4 f2 62. Rxf2 Kxh5 63. Rf7 Rb8 64. g7 Rg8 65. Rd7 Kg6 66. a5 Kf5 67. Kd3 Bxg7 68. a6 Be5 69. a7 Rg3+ 70. Kd2 Rg2+ 71. Ke3 Ra2 72. Rf7+ Kg6 73. Rb7 Kf5 74. b4 Ra3+ 75. Ke2 Ke4 76. b5 Ra2+ 77. Kf1 Bd4 78. b6 Kd3 79. Rb8 Kxc4 80. a8=Q Rxa8 81. Rxa8 Bxb6 82. Ra6 Bc5 83. Rxd6 Bxd6 1/2-1/2

[Event "Laval XVI"]
[Site "Laval CAN"]
[Date "1999.04.16"]
[Round "1"]
[White "Sasseville, Jean"]
[Black "Schleifer, Michael"]
[Result "1/2-1/2"]
[WhiteElo "2008"]
[BlackElo "2410"]
[PlyCount "97"]
[GameId "2160767911805191"]
[EventDate "1999.04.16"]
[EventType "swiss"]
[EventRounds "5"]
[EventCountry "CAN"]

1. c4 e5 2. Nc3 Nc6 3. Nf3 Nf6 4. g3 Bb4 5. Bg2 O-O 6. O-O Re8 7. d3 h6 8. e4 d6 9. Be3 Bc5 10. Nd5 Ng4 11. Qd2 Ne7 12. h3 Nxd5 13. cxd5 Nxe3 14. fxe3 Bb6 15. Kh2 Bd7 16. Nh4 Qg5 17. Rf3 g6 18. Raf1 Rf8 19. Qf2 f5 20. exf5 gxf5 21. Nxf5 Rxf5 22. Rxf5 Qxf5 23. Qxf5 Bxf5 24. Rxf5 Bxe3 25. h4 Kg7 26. Be4 a5 27. Rf3 Bc1 28. Rf2 Be3 29. Re2 Bd4 30. a4 Ra6 31. Rc2 Bc5 32. Bf5 Rb6 33. Bd7 Rb4 34. Bb5 Rd4 35. Bc4 c6 36. dxc6 bxc6 37. b3 Bb6 38. Ba6 c5 39. Rc4 Kf6 40. Rxd4 cxd4 41. Kg2 Bc5 42. Kf3 Bb4 43. g4 Be1 44. h5 Bb4 45. Ke4 Kg5 46. Bc8 Bc5 47. Bf5 Bb4 48. Be6 Bc5 49. Bf5 1/2-1/2

[Event "Laval XVI"]
[Site "Laval CAN"]
[Date "1999.04.16"]
[Round "1"]
[White "Trottier, Yves"]
[Black "Auger, Bertrand"]
[Result "1-0"]
[WhiteElo "1877"]
[BlackElo "2084"]
[PlyCount "98"]
[GameId "2160767911805192"]
[EventDate "1999.04.16"]
[EventType "swiss"]
[EventRounds "5"]
[EventCountry "CAN"]

1. e4 e6 2. d4 d5 3. exd5 exd5 4. c4 Nf6 5. Nc3 Be7 6. Nf3 O-O 7. Bd3 dxc4 8. Bxc4 Bg4 9. O-O Nbd7 10. h3 Bh5 11. g4 Bg6 12. Ne5 Nb6 13. Bb3 Nfd5 14. f4 f5 15. g5 Be8 16. Qf3 c6 17. Bd2 Kh8 18. Rad1 Qd6 19. Rfe1 Rd8 20. Qe2 Nc8 21. h4 Qb8 22. h5 b5 23. Qh2 Kg8 24. Re2 Qc7 25. Rde1 a5 26. Rc1 Qa7 27. Be3 Ncb6 28. Rec2 Nc4 29. Nxc4 a4 30. Nxd5 cxd5 31. Ne5 axb3 32. Rc7 Qa5 33. Rxe7 bxa2 34. Ra1 Ra8 35. Qd2 b4 36. Rb7 Bb5 37. Nd3 Bxd3 38. Qxd3 Rac8 39. Bd2 Rc4 40. b3 Qa3 41. Ra7 Qxa7 42. bxc4 b3 43. Bc1 Rb8 44. Bb2 Qa6 45. Qxf5 dxc4 46. Qd5+ Kh8 47. h6 Rg8 48. hxg7+ Rxg7 49. Qd8+ Rg8 1-0

[Event "Laval XVI"]
[Site "Laval CAN"]
[Date "1999.04.17"]
[Round "2"]
[White "Auger, Bertrand"]
[Black "Mongeau, Diane"]
[Result "1-0"]
[WhiteElo "2084"]
[BlackElo "1765"]
[PlyCount "75"]
[GameId "2160767911805193"]
[EventDate "1999.04.16"]
[EventType "swiss"]
[EventRounds "5"]
[EventCountry "CAN"]

1. Nf3 d5 2. g3 g6 3. Bg2 Bg7 4. d4 Nd7 5. O-O Ngf6 6. b3 O-O 7. Bb2 Ne4 8. Nbd2 f5 9. c4 e6 10. Rc1 c6 11. e3 g5 12. Ne1 Qf6 13. Nd3 Qg6 14. f3 Nef6 15. Nf2 b6 16. e4 Ba6 17. e5 Nh5 18. Re1 Rac8 19. b4 Bb7 20. Nb3 Rfd8 21. c5 Bf8 22. Bf1 b5 23. Bd3 Qf7 24. Qc2 Re8 25. Kg2 Nb8 26. Ra1 Rc7 27. Bc1 h6 28. Rf1 Bg7 29. Bd2 Rf8 30. Rh1 Kh8 31. Raf1 Nd7 32. h4 gxh4 33. Rxh4 Rg8 34. Rh3 Bf8 35. Rfh1 Qg7 36. Rxh5 Qxg3+ 37. Kf1 Qg2+ 38. Ke1 1-0

[Event "Laval XVI"]
[Site "Laval CAN"]
[Date "1999.04.17"]
[Round "2"]
[White "Papineau (Montreal), Daniel"]
[Black "Lacroix, Serge"]
[Result "1-0"]
[Annotator "Incomplete"]
[WhiteElo "1891"]
[BlackElo "1982"]
[PlyCount "48"]
[GameId "2160767738923083"]
[EventDate "1999.04.16"]
[EventType "swiss"]
[EventRounds "5"]
[EventCountry "CAN"]
[SourceTitle "Lacroix"]

1. d4 Nf6 2. e3 c5 3. Bd3 e6 4. f4 Nc6 5. c3 d5 6. Nf3 Bd6 7. O-O O-O 8. Ne5 Bxe5 9. fxe5 Nd7 10. Nd2 f6 11. Qh5 f5 12. Nf3 Qe7 13. Ng5 g6 14. Qh6 Nd8 15. b3 Qg7 16. Qxg7+ Kxg7 17. Bb2 h6 18. Nh3 b6 19. c4 Bb7 20. cxd5 Bxd5 21. Nf4 Nc6 22. Bc4 Bxc4 23. bxc4 Nd8 24. Rfd1 g5 {etc.} 1-0

[Event "Laval XVI"]
[Site "Laval CAN"]
[Date "1999.04.17"]
[Round "3"]
[White "Mongeau, Diane"]
[Black "Lacroix, Serge"]
[Result "0-1"]
[WhiteElo "1765"]
[BlackElo "1982"]
[PlyCount "73"]
[GameId "2160767911805197"]
[EventDate "1999.04.16"]
[EventType "swiss"]
[EventRounds "5"]
[EventCountry "CAN"]
[SourceTitle "Lacroix"]

1. d4 Nf6 2. Nf3 e6 3. g3 c5 4. c3 cxd4 5. cxd4 Bb4+ 6. Bd2 Bxd2+ 7. Nbxd2 d5 8. Bg2 Nc6 9. e3 Qb6 10. Qb3 Bd7 11. O-O Qxb3 12. Nxb3 Ne4 13. a3 Ke7 14. Rfc1 b6 15. Bf1 a5 16. Nbd2 Nd6 17. Rc2 f6 18. Rac1 Rhc8 19. Nb1 a4 20. Nfd2 g5 21. b4 axb3 22. Nxb3 g4 23. h4 h5 24. Bd3 f5 25. Kf1 b5 26. Rc5 Na5 27. Rxc8 Nxc8 28. Nc5 Nc4 29. Rc3 N8d6 30. Ke2 Na5 31. Kd1 Ndc4 32. Kc2 Nc6 33. Bxc4 bxc4 34. Kb2 Na5 35. Ka2 Bb5 36. Nd2 Nc6 37. Rc2 0-1